| 000 | 00617nam a2200217 a 4500 | ||
|---|---|---|---|
| 001 | BRCA_3777 | ||
| 005 | 20190320204424.0 | ||
| 008 | 071109s1932----mx-a---###---#000-0#spa-# | ||
| 041 | _aspa | ||
| 044 | _amx | ||
| 050 | 4 |
_aCJ1906 _b.S21 1932 |
|
| 100 | 1 |
_aSánchez Garza, J. _99847 |
|
| 245 | 1 | 0 |
_aHistorical notes on coins of the Mexican Revolution 1913-1917 _cJ. Sánchez Garza ; tr. by A. Frank |
| 260 |
_aMéxico _bImprenta Formal _c1932 |
||
| 300 |
_a44 p. _bil. _c21 cm. |
||
| 500 | _aB136 | ||
| 650 | 1 | 4 |
_aNumismática. _9914 |
| 650 | 1 | 4 |
_aMonedas mexicanas _xHistoria. _9670 |
| 902 | _aGFM | ||
| 942 |
_2lcc _cB |
||
| 999 |
_c3506 _d3506 |
||